00361nam a2200157Ia 4500008004100000041000800041082001300049100001800062245001400080250000800094260003700102300000800139542001500147551002700162650001400189220531s9999 xx 000 0 und d aeng a530bMAT aMathur, D. S. aMechanics a1ST aNew DelhibS. Chand & Com.c2014 a834 d22-07-2014 aSciencebNon-grant-SCI aMechanics